[Event "N� LL 2009_10"]
[Site "?"]
[Date "2009.09.06"]
[Round "1"]
[White "Hellmayr, Alois"]
[Black "Pisk, Petr"]
[Result "1/2-1/2"]
[WhiteElo "2283"]
[BlackElo "2327"]
[Annotator "Zwettl : B�hlerwerk"]
[PlyCount "24"]
[EventDate "2009.09.17"]
[EventType "team"]
[SourceDate "2009.09.17"]

1. d4 Nf6 2. Nf3 d6 3. g3 g6 4. Bg2 Bg7 5. O-O O-O 6. Re1 Nbd7 7. e4 e5 8. dxe5
Nxe5 9. Nxe5 dxe5 10. Nd2 Be6 11. Qe2 Qe7 12. b3 Qc5 1/2-1/2

[Event "N� LL 2009_10"]
[Site "?"]
[Date "2009.09.06"]
[Round "1"]
[White "Vyskocil, Neklan"]
[Black "Heimberger, Reinhard"]
[Result "1-0"]
[WhiteElo "2357"]
[BlackElo "2223"]
[Annotator "Zwettl : B�hlerwerk"]
[PlyCount "53"]
[EventDate "2009.09.17"]
[EventType "team"]
[SourceDate "2009.09.17"]

1. e4 c5 2. Nf3 e6 3. d4 cxd4 4. Nxd4 Nf6 5. Nc3 d6 6. g4 h6 7. h3 a6 8. Bg2
Qc7 9. Be3 Nc6 10. Qe2 Be7 11. O-O-O Nxd4 12. Bxd4 e5 13. Be3 Be6 14. Nd5 Bxd5
15. exd5 Rc8 16. Kb1 Qc4 17. Qxc4 Rxc4 18. b3 Rc7 19. c4 Nd7 20. h4 g6 21. g5
hxg5 22. hxg5 Rxh1 23. Rxh1 Kf8 24. Rh8+ Kg7 25. Re8 Nc5 26. f4 Nd3 27. Bb6 1-0

[Event "N� LL 2009_10"]
[Site "?"]
[Date "2009.09.06"]
[Round "1"]
[White "Ebner, Johann"]
[Black "Mlynek, Petr"]
[Result "1/2-1/2"]
[WhiteElo "2043"]
[BlackElo "2189"]
[Annotator "Zwettl : B�hlerwerk"]
[PlyCount "37"]
[EventDate "2009.09.17"]
[EventType "team"]
[SourceDate "2009.09.17"]

1. d4 d5 2. c4 c6 3. Nf3 e6 4. cxd5 cxd5 5. Nc3 Nc6 6. Bf4 Nf6 7. e3 Be7 8. Bd3
O-O 9. O-O Nh5 10. Bg3 Nxg3 11. hxg3 Bd7 12. Rc1 Qb6 13. Qe2 Rfc8 14. a3 Be8
15. b4 a6 16. Na4 Qd8 17. Nc5 a5 18. Nxb7 Qb6 19. Nxa5 1/2-1/2

[Event "N� LL 2009_10"]
[Site "?"]
[Date "2009.09.06"]
[Round "1"]
[White "Vykydal, Frantisek"]
[Black "Strobel, Ferdinand"]
[Result "1/2-1/2"]
[WhiteElo "2213"]
[BlackElo "2042"]
[Annotator "Zwettl : B�hlerwerk"]
[PlyCount "44"]
[EventDate "2009.09.17"]
[EventType "team"]
[SourceDate "2009.09.17"]

1. e4 e5 2. Nf3 f5 3. Nxe5 Qf6 4. d4 d6 5. Nc4 fxe4 6. Be2 Qd8 7. O-O Nf6 8.
Nc3 Be7 9. Bg5 d5 10. Ne5 O-O 11. f3 exf3 12. Bxf3 c6 13. Qd3 Na6 14. a3 Nc7
15. Rae1 Ne6 16. Bc1 Qb6 17. Ne2 Bd6 18. Kh1 Qc7 19. Ng3 Nd7 20. Bg4 Nxe5 21.
dxe5 Rxf1+ 22. Nxf1 Be7 {Rest nicht lesbar} 1/2-1/2

[Event "N� LL 2009_10"]
[Site "?"]
[Date "2009.09.06"]
[Round "1"]
[White "Winiwarter, Felix"]
[Black "Mittermayr, Gerhard"]
[Result "1-0"]
[WhiteElo "2195"]
[BlackElo "2135"]
[Annotator "Krems : P�chlarn"]
[PlyCount "30"]
[EventDate "2009.09.17"]
[EventType "team"]
[SourceDate "2009.09.17"]

1. e4 e6 2. d4 d5 3. e5 c5 4. c3 Nc6 5. Nf3 Qb6 6. Bd3 Bd7 7. O-O cxd4 8. cxd4
Nb4 9. Be2 Bb5 10. Bxb5+ Qxb5 11. Nc3 Qa6 12. Be3 Rc8 13. a3 Nc6 14. b4 Nd8 15.
Qd2 Ne7 {Rest unlesbar} 1-0

[Event "N� LL 2009_10"]
[Site "?"]
[Date "2009.09.06"]
[Round "1"]
[White "Posch, Roland"]
[Black "W�ber, Friedrich"]
[Result "0-1"]
[WhiteElo "2074"]
[BlackElo "2158"]
[Annotator "Krems : P�chlarn"]
[PlyCount "40"]
[EventDate "2009.09.17"]
[EventType "team"]
[SourceDate "2009.09.17"]

1. e4 e5 2. Nf3 Nc6 3. Nc3 g6 4. Bc4 Bg7 5. O-O d6 6. h3 Nge7 7. Ng5 O-O 8. Qf3
Nd4 9. Bxf7+ Kh8 10. Qd1 h6 11. d3 hxg5 12. Bxg6 Nf3+ 13. Kh1 Nxg6 14. Nd5 g4
15. gxf3 Qh4 16. f4 Qxh3+ 17. Kg1 Nh4 18. Ne3 Nf3+ 19. Qxf3 gxf3 20. f5 Bh6 0-1

[Event "N� LL 2009_10"]
[Site "?"]
[Date "2009.09.06"]
[Round "1"]
[White "Gruszka, Herbert"]
[Black "Fasser, Walter"]
[Result "1-0"]
[WhiteElo "1995"]
[BlackElo "1949"]
[Annotator "Krems : P�chlarn"]
[PlyCount "58"]
[EventDate "2009.09.17"]
[EventType "team"]
[SourceDate "2009.09.17"]

1. Nf3 Nf6 2. g3 d5 3. Bg2 c6 4. O-O Bg4 5. d3 Nbd7 6. Nbd2 e5 7. h3 Bh5 8. b3
Bd6 9. a4 Qe7 10. Nh4 Bg6 11. e4 O-O 12. Re1 Rae8 13. Bb2 Qd8 14. Qc1 dxe4 15.
dxe4 Nc5 16. Ba3 Ne6 17. Bb2 Nc5 18. Nc4 Bxe4 19. b4 Bxg2 20. Nxd6 Qxd6 21.
bxc5 Qxc5 22. Nxg2 Qd6 23. Qg5 Nd7 24. Ba3 c5 25. Rad1 Qc7 26. Ne3 f6 27. Qg4
Rf7 28. Nf5 h5 29. Qg6 Nf8 1-0

[Event "N� LL 2009_10"]
[Site "?"]
[Date "2009.09.06"]
[Round "1"]
[White "Reinwald, Patrick"]
[Black "Schroll, Gerhard"]
[Result "1/2-1/2"]
[WhiteElo "2096"]
[BlackElo "2387"]
[Annotator "Wr.Neustadt : Bisamberg/Korneuburg"]
[PlyCount "106"]
[EventDate "2009.09.17"]
[EventType "team"]
[SourceDate "2009.09.17"]

1. e4 Nf6 2. e5 Nd5 3. d4 d6 4. Nf3 dxe5 5. Nxe5 c6 6. Bd3 g6 7. a3 Nd7 8. Qe2
Nxe5 9. dxe5 Bg7 10. O-O O-O 11. Rd1 Qc7 12. c4 Nb6 13. Bf4 Nd7 14. Re1 Nc5 15.
Nc3 Nxd3 (15... Bg4 16. f3) 16. Qxd3 Bf5 17. Qe3 Qb6 18. Qxb6 axb6 19. Rad1 Be6
20. f3 Rfc8 (20... Rfd8) 21. a4 Rd8 22. b3 Bf5 23. Ne4 Kf8 24. g4 Bxe4 25.
Rxd8+ Rxd8 26. Rxe4 Ke8 27. Kf2 Rd1 28. Re1 Rxe1 29. Kxe1 Kd7 30. Bg3 g5 31. h3
Ke6 32. Bf2 b5 33. axb5 cxb5 34. cxb5 Bxe5 35. Ke2 Kd5 36. Kd3 e6 37. Be3 Bf6
38. Bf2 Bd8 39. Bd4 Be7 40. Be3 f5 41. Bf2 Bc5 42. Be1 Be7 43. Bf2 Ke5 44. Bg3+
f4 45. Bf2 Kd5 46. Bd4 e5 47. Bb6 h6 48. Bf2 Ba3 49. Bb6 Be7 50. Bf2 Bc5 51.
Be1 b6 52. Bd2 Bd6 53. b4 Bc7 1/2-1/2

[Event "N� LL 2009_10"]
[Site "?"]
[Date "2009.09.06"]
[Round "1"]
[White "Steiner, Adam"]
[Black "Wetscherek, gerhard"]
[Result "1/2-1/2"]
[WhiteElo "2154"]
[BlackElo "2136"]
[Annotator "Wr.Neustadt : Bisamberg/Korneuburg"]
[PlyCount "36"]
[EventDate "2009.09.17"]
[EventType "team"]
[SourceDate "2009.09.17"]

1. e4 d6 2. d4 g6 3. Nc3 Bg7 4. g3 c6 5. Bg2 Qc7 6. Nge2 Nf6 7. h3 O-O 8. Be3
Nbd7 9. O-O a6 10. a4 b6 11. Qd2 Rb8 12. g4 c5 13. g5 Ne8 14. Nd5 Qd8 15. c3
Bb7 16. Ng3 Nc7 17. Nf4 e5 18. Nfe2 Qe7 1/2-1/2

[Event "N� LL 2009_10"]
[Site "?"]
[Date "2009.09.06"]
[Round "1"]
[White "Kadletz, Karl"]
[Black "Todor, Razvan"]
[Result "0-1"]
[WhiteElo "2007"]
[BlackElo "2167"]
[Annotator "Wr.Neustadt : Bisamberg/Korneuburg"]
[PlyCount "64"]
[EventDate "2009.??.??"]
[EventType "game"]
[SourceDate "2009.09.17"]

1. Nf3 Nf6 2. g3 d5 3. Bg2 c6 4. O-O Bg4 5. h3 Bh5 6. c4 e6 7. d3 Bd6 8. Be3
Nbd7 9. Qc2 O-O 10. a3 e5 11. Nh4 d4 12. Bc1 Re8 13. b4 a5 14. c5 Bf8 15. Ra2
Nd5 16. Rb2 axb4 17. axb4 N7f6 18. e4 dxe3 19. fxe3 b6 20. Nf5 bxc5 21. bxc5
Ra5 22. d4 exd4 23. exd4 Re2 24. Qd3 Rxb2 25. Bxb2 Rb5 26. Bc1 Bg6 27. Bg5 Qd7
28. Nd2 Nb4 29. Qf3 Bxf5 30. Qxf5 Qxd4+ 31. Kh2 Rxc5 32. Qc8 Rxg5 0-1

[Event "N� LL 2009_10"]
[Site "?"]
[Date "2009.09.06"]
[Round "?"]
[White "Posch, Werner"]
[Black "Stanivukovic, Drago"]
[Result "1/2-1/2"]
[WhiteElo "2164"]
[BlackElo "1968"]
[Annotator "Wr.Neustadt : Bisamberg/Korneuburg"]
[PlyCount "97"]
[EventDate "2009.09.17"]
[EventType "team"]
[SourceDate "2009.09.17"]

1. e4 c5 2. Nc3 Nc6 3. g3 e5 4. Bg2 d6 5. d3 g6 6. f4 Bg7 7. Nh3 Nge7 8. O-O
Nd4 9. fxe5 dxe5 10. Bg5 h6 11. Bxe7 Qxe7 12. Nd5 Qd8 13. c3 Nc6 14. Nf2 O-O
15. Ng4 f5 16. Nge3 Kh7 17. exf5 Bxf5 18. Nxf5 Rxf5 19. Rxf5 gxf5 20. Qh5 Qg5
21. Qf7 Qg6 22. Qxb7 Rb8 23. Qc7 (23. Qd7 Rxb2 24. Bh3) 23... Rxb2 24. Ne3 (24.
Rf1) 24... e4 25. dxe4 (25. Bh3) (25. Rf1) 25... fxe4 26. Qf4 (26. Nd5) 26...
Rxg2+ 27. Kxg2 Bxc3 28. Rb1 Qe6 29. Rb7+ Kg6 30. g4 (30. h4) 30... Bf6 31. Qf5+
Qxf5 32. gxf5+ Kg5 33. Rc7 Bd4 34. h4+ Kh5 35. Nd5 (35. Rxc6 Bxe3 36. Re6)
35... Ne5 36. Kh3 Nd3 37. f6 (37. Rxa7 c4 38. Ra4) 37... Kg6 38. Rg7+ (38. Rxa7
) 38... Kf5 39. Rxa7 Bxf6 40. Ra6 (40. Nxf6 Kxf6 41. Kg3) 40... Bd4 41. Rxh6 e3
42. Nxe3+ Bxe3 43. Rc6 Nb4 44. Rc8 Nxa2 45. Kg3 Ke4 46. h5 Nc3 47. h6 Bf4+ 48.
Kg4 Bxh6 49. Rxc5 1/2-1/2

[Event "N� LL 2009_10"]
[Site "?"]
[Date "2009.09.13"]
[Round "1"]
[White "Neumeier, Klaus"]
[Black "Sandh�fner, Florian"]
[Result "0-1"]
[WhiteElo "2327"]
[BlackElo "2213"]
[Annotator "Amstetten-Mauerbach"]
[PlyCount "68"]
[EventDate "2009.09.17"]
[EventType "team"]
[SourceDate "2009.09.17"]

1. e4 c5 2. Nf3 d6 3. d4 cxd4 4. Nxd4 Nf6 5. Nc3 a6 6. Bc4 e6 7. Bb3 Be7 8. f4
O-O 9. Qf3 Qc7 10. O-O b5 11. a3 Nbd7 12. g4 Nc5 13. g5 Nxb3 14. Nxb3 Nd7 15.
Be3 Bb7 16. Rad1 a5 17. Rd2 b4 18. axb4 axb4 19. Ne2 d5 20. exd5 Bxd5 21. Qf2
Ra2 22. Bd4 Rc8 23. Nec1 Raa8 24. Nd3 Bb7 25. Qg3 Nb6 26. Ne5 Nc4 27. Nxc4 Qxc4
28. f5 Bf8 29. g6 exf5 30. gxh7+ Kh8 31. Rxf5 Ra6 32. Rg5 f6 33. Rg4 Be4 34.
Rf4 Bxc2 {Z�} 0-1

[Event "N� LL 2009_10"]
[Site "?"]
[Date "2009.09.13"]
[Round "1"]
[White "Rumpl, Erwin"]
[Black "Penz, Harald"]
[Result "1/2-1/2"]
[WhiteElo "2304"]
[BlackElo "2330"]
[Annotator "Amstetten-Mauerbach"]
[PlyCount "161"]
[EventDate "2009.09.17"]
[EventType "team"]
[SourceDate "2009.09.17"]

1. d4 d5 2. c4 e6 3. Nf3 Nf6 4. g3 b6 5. cxd5 exd5 6. Bg2 Bd6 7. Nc3 O-O 8. O-O
Bb7 9. Bg5 Nbd7 10. Nb5 Be7 11. Bf4 a6 12. Bxc7 Qc8 13. Bd6 Bxd6 14. Nxd6 Qc6
15. Nxb7 Qxb7 16. Qd3 Rac8 17. Bh3 Rc7 18. Rfc1 b5 19. Qd1 Rfc8 20. Ne5 g6 21.
e3 Kg7 22. Nd3 Ne4 23. Nc5 Nexc5 24. dxc5 f5 25. Qd4+ Nf6 26. b4 Qc6 27. Rd1
Re7 28. Bg2 Rd8 29. Qb2 a5 30. a3 a4 31. Rd4 Kf7 32. Rad1 Red7 33. Qd2 Kg7 34.
Qd3 Kf7 35. Bf1 Rb8 36. Bg2 Rbd8 37. Qe2 Kg7 38. R1d3 Re8 39. Qd1 Red8 40. Kf1
Kf7 41. Ke1 Kg7 42. h3 h5 43. Qf3 Re8 44. Qf4 Red8 45. Kd1 Re8 46. Rd2 Red8 47.
Kc2 Re8 48. Bf3 Rf8 49. Bg2 Rfd8 50. f3 Rf8 51. R4d3 d4 52. Rxd4 Rxd4 53. Rxd4
Qe6 54. Bf1 Qa2+ 55. Kd1 Qa1+ 56. Ke2 Qxa3 57. Rd2 Qc1 58. Qd4 Rf7 59. Rd1 Qc2+
60. Qd2 Qb3 61. Rc1 Nd5 62. Kf2 Rb7 63. c6 Rc7 64. Bxb5 Nxb4 65. Qd4+ Kh7 66.
Bc4 Qa3 67. Ra1 Nxc6 68. Rxa3 Nxd4 69. exd4 Rxc4 70. Ke3 Kg7 71. Kd3 Rb4 72.
Kc3 Rb1 73. Kc4 Kf6 74. f4 Ke6 75. Rxa4 Rc1+ 76. Kb5 Kd5 77. Ra3 Rb1+ 78. Ka6
Kxd4 79. Ka7 Rg1 80. h4 Re1 81. Ra6 {Rest nicht lesbar} 1/2-1/2

[Event "N� LL 2009_10"]
[Site "?"]
[Date "2009.09.06"]
[Round "1"]
[White "Danner, Georg"]
[Black "Bawart, Markus"]
[Result "1/2-1/2"]
[WhiteElo "2415"]
[BlackElo "2357"]
[Annotator "Baden : Schwarzatal"]
[PlyCount "60"]
[EventDate "2009.09.17"]
[EventType "team"]
[SourceDate "2009.09.17"]

1. d4 Nf6 2. Nf3 g6 3. c4 Bg7 4. Nc3 c5 5. d5 O-O 6. e4 d6 7. h3 e6 8. Bd3 exd5
9. cxd5 b5 10. Bxb5 Nxe4 11. Nxe4 Qa5+ 12. Nfd2 Qxb5 13. Nxd6 Qa6 14. N2c4 Nd7
15. O-O Ne5 16. Nxc8 Rfxc8 17. Nxe5 Bxe5 18. Re1 Qd6 19. Rb1 Rab8 20. Re2 Bd4
21. b3 Qxd5 22. Bf4 Rb6 23. Qd2 Re6 24. Rbe1 Rce8 25. Rxe6 Rxe6 26. Rxe6 Qxe6
27. Kf1 h5 28. Qd3 Kg7 29. h4 Qf6 30. g3 Qc6 1/2-1/2

[Event "N� LL 2009_10"]
[Site "?"]
[Date "2009.09.06"]
[Round "1"]
[White "Roth, Peter"]
[Black "Fritsch, Klaus"]
[Result "1/2-1/2"]
[WhiteElo "2219"]
[BlackElo "2170"]
[Annotator "Baden : Schwarzatal"]
[PlyCount "64"]
[EventDate "2009.09.17"]
[EventType "team"]
[SourceDate "2009.09.17"]

1. e4 e6 2. d4 d5 3. Nc3 Bb4 4. e5 c5 5. a3 Bxc3+ 6. bxc3 Qa5 7. Bd2 Qa4 8. Qb1
c4 9. h4 Nc6 10. h5 h6 11. g4 Bd7 12. Ne2 O-O-O 13. Ng3 Nge7 14. Bh3 f6 15.
exf6 gxf6 16. Qc1 e5 17. Bxh6 Rhg8 18. Be3 Bxg4 19. Bxg4+ Rxg4 20. Qd1 Rgg8 21.
h6 Qa5 22. h7 Rh8 23. Qg4+ f5 24. Nxf5 Qxc3+ 25. Kf1 Qxa1+ 26. Kg2 Qxh1+ 27.
Kxh1 Rxh7+ 28. Kg2 Kb8 29. Nxe7 Nxe7 30. Kf1 exd4 31. Bg5 Rg8 32. Qxd4 Nc6
1/2-1/2

[Event "N� LL 2009_10"]
[Site "?"]
[Date "2009.09.06"]
[Round "1"]
[White "Herndlbauer, Martin"]
[Black "Csonka, Attila"]
[Result "0-1"]
[WhiteElo "2101"]
[BlackElo "2292"]
[Annotator "Baden : Schwarzatal"]
[PlyCount "78"]
[EventDate "2009.09.17"]
[EventType "team"]
[SourceDate "2009.09.17"]

1. e4 c5 2. Nf3 e6 3. d3 Nc6 4. g3 d6 5. Bg2 g6 6. d4 cxd4 7. Nxd4 Bg7 8. Nb5
Be5 9. f4 Qa5+ 10. N1c3 Bxc3+ 11. Nxc3 Qc5 12. Na4 Qd4 13. c3 Qxd1+ 14. Kxd1 b5
15. e5 Bb7 16. exd6 bxa4 17. b3 O-O-O 18. Ba3 Nge7 19. Ke2 Nf5 20. Rhd1 Na5 21.
Bh3 Rd7 22. Bb4 Nc6 23. Bc5 Re8 24. c4 e5 25. Bxf5 gxf5 26. Kf2 exf4 27. gxf4
Re4 28. Kg3 f6 29. Rd5 Rg7+ 30. Kf3 Nd4+ 31. Bxd4 Rxd4 32. Ke3 Re4+ 33. Kd3
Bxd5 34. cxd5 Re6 35. Rc1+ Kb7 36. Rc4 axb3 37. axb3 Rxd6 38. Re4 fxe4+ 39.
Kxe4 Kb6 0-1

[Event "N� LL 2009_10"]
[Site "?"]
[Date "2009.09.06"]
[Round "1"]
[White "Perndl, Johann"]
[Black "Matevosyan, Andy"]
[Result "0-1"]
[WhiteElo "2036"]
[BlackElo "2182"]
[Annotator "Baden : Schwarzatal"]
[PlyCount "68"]
[EventDate "2009.09.17"]
[EventType "team"]
[SourceDate "2009.09.17"]

1. e4 c5 2. c3 d5 3. exd5 Qxd5 4. d4 Nf6 5. Nf3 Bg4 6. Be2 e6 7. h3 Bh5 8. O-O
Be7 9. c4 Qd8 10. dxc5 Qxd1 11. Rxd1 Bxc5 12. Nc3 Nc6 13. a3 O-O 14. g4 Bg6 15.
b4 Bb6 16. c5 Bc7 17. g5 Ne4 18. Nb5 Bb8 19. Rd7 a6 20. Nd6 Bxd6 21. cxd6 Nc3
22. Kf1 Nxe2 23. Kxe2 Bh5 24. Bb2 Rfd8 25. Rxd8+ Rxd8 26. Rd1 e5 27. Ke3 f6 28.
Rd2 Kf7 29. gxf6 gxf6 30. Nh4 Ke6 31. f4 Rxd6 32. Rg2 Rd1 33. Bc3 Ne7 34. fxe5
Nd5+ 0-1

[Event "N� LL 2009_10"]
[Site "?"]
[Date "2009.09.20"]
[Round "1"]
[White "Schwarhofer, Christopher"]
[Black "Batyte, Daiva"]
[Result "1-0"]
[WhiteElo "2230"]
[BlackElo "2128"]
[Annotator "Niederabsdorf : Stockerau"]
[PlyCount "53"]
[EventDate "2009.09.17"]
[EventType "team"]
[SourceDate "2009.09.17"]

1. e4 e5 2. f4 d6 3. Nf3 Nc6 4. Bc4 Be7 5. O-O Nf6 6. Nc3 O-O 7. d3 Bg4 8. h3
Bxf3 9. Qxf3 Na5 10. Bb3 Nxb3 11. axb3 exf4 12. Bxf4 c6 13. Ne2 d5 14. e5 Nd7
15. Ng3 Bc5+ 16. Kh1 Re8 17. Nf5 Re6 18. d4 Bf8 19. c4 Nb6 20. c5 Nd7 21. b4 a6
22. Bg3 Qe8 23. Rae1 g6 24. Nd6 Bxd6 25. exd6 Nf8 26. Rxe6 Nxe6 27. Qf6 1-0

[Event "N� LL 2009_10"]
[Site "?"]
[Date "2009.09.20"]
[Round "1"]
[White "P�tz, Florian"]
[Black "Schmid, Thomas"]
[Result "0-1"]
[WhiteElo "2333"]
[BlackElo "2196"]
[Annotator "Niederabsdorf : Stockerau"]
[PlyCount "58"]
[EventDate "2009.09.17"]
[EventType "team"]
[SourceDate "2009.09.17"]

1. e4 c5 2. Nf3 d6 3. d4 cxd4 4. Nxd4 Nf6 5. Nc3 a6 6. Be3 e6 7. Be2 Be7 8. f4
Nc6 9. Qd2 O-O 10. O-O-O Qc7 11. g4 Nxd4 12. Bxd4 b5 13. g5 Nd7 14. a3 Bb7 15.
f5 exf5 16. exf5 f6 17. Rhg1 fxg5 18. h4 Ne5 19. Bxe5 dxe5 20. Nd5 Qc5 21. f6
Bxf6 22. Nxf6+ Rxf6 23. Rxg5 Rc8 24. Rdg1 g6 25. Bd3 Qd4 26. h5 Be4 27. R5g4
Qxd3 28. Rxe4 Qxe4 29. hxg6 hxg6 0-1

[Event "N� LL 2009_10"]
[Site "?"]
[Date "2009.09.20"]
[Round "1"]
[White "Gr�tz, Harald"]
[Black "Kleiser, Gregor"]
[Result "1-0"]
[WhiteElo "2337"]
[BlackElo "2248"]
[Annotator "Niederabsdorf : Stockerau"]
[PlyCount "101"]
[EventDate "2009.09.17"]
[EventType "team"]
[SourceDate "2009.09.17"]

1. e4 c5 2. Nf3 d6 3. d4 cxd4 4. Nxd4 Nf6 5. Nc3 a6 6. Bc4 e6 7. O-O b5 8. Bb3
Be7 9. Qf3 Qb6 10. Bg5 O-O 11. Rad1 Nbd7 12. Qg3 Bb7 13. Bh6 Nh5 14. Qh3 Nhf6
15. Nxe6 fxe6 16. Qxe6+ Kh8 17. Bxg7+ Kxg7 18. Qxe7+ Kh8 19. Qxd6 Qxd6 20. Rxd6
Nc5 21. f3 Nxb3 22. axb3 Rac8 23. Rf2 Kg7 24. Rfd2 Rf7 25. R6d4 Rcc7 26. Nd1
Nd7 27. Ne3 Ne5 28. Nf5+ Rxf5 29. exf5 Bxf3 30. Rd6 Bc6 31. Re6 Nf7 32. h4 h5
33. b4 Bb7 34. f6+ Kf8 35. Rde2 Bc6 36. R2e3 Nd8 37. Re7 Rd7 38. Rxd7 Bxd7 39.
Re7 Be8 40. c3 Nc6 41. Rh7 Ne5 42. Rh8+ Kf7 43. Rxh5 Kxf6 44. Rh6+ Kf5 45. Rxa6
Nc4 46. b3 Nd2 47. Ra8 Bd7 48. Rd8 Ke6 49. h5 Ne4 50. h6 Nf6 51. g4 1-0

[Event "N� LL 2009/10"]
[Site "?"]
[Date "2009.10.04"]
[Round "2"]
[White "Vyskocil, Neklan"]
[Black "Danner, Georg"]
[Result "1/2-1/2"]
[WhiteElo "2357"]
[BlackElo "2415"]
[Annotator "Schwarzatal : Zwettl"]
[PlyCount "93"]
[EventDate "2009.09.21"]
[SourceDate "2009.10.06"]

1. e4 c5 2. Nf3 Nc6 3. d4 cxd4 4. Nxd4 Nf6 5. Nc3 d6 6. Bc4 Na5 7. Bb5+ Bd7 8.
Qe2 Rc8 9. Bg5 Bxb5 10. Qxb5+ Nd7 11. Bh4 Qb6 12. O-O-O Qxb5 13. Ndxb5 Nc6 14.
Nd5 g6 15. Ndc7+ Kd8 16. Nd5 Bh6+ 17. Kb1 f6 18. f4 a6 19. Nd4 Nxd4 20. Rxd4
Ke8 21. Rb4 b5 22. a4 bxa4 23. Rxa4 Nc5 24. Rc4 Kf7 25. e5 Ne6 26. Rxc8 Rxc8
27. exf6 exf6 28. Nxf6 Bxf4 29. Nd5 Be5 30. Rf1+ Kg7 31. Bf6+ Bxf6 32. Rxf6 Rc5
33. Rxe6 Rxd5 34. Re2 Kf6 35. b3 Rh5 36. h3 Rc5 37. Kb2 a5 38. c3 h5 39. b4
axb4 40. cxb4 Rc8 41. Kb3 d5 42. b5 Kf5 43. Rc2 Rb8 44. Kb4 d4 45. Kc4 d3 46.
Kxd3 Rxb5 47. Kc3 1/2-1/2

[Event "N� LL 2009/10"]
[Site "?"]
[Date "2009.10.04"]
[Round "2"]
[White "Roth, Peter"]
[Black "Pisk, Petr"]
[Result "1/2-1/2"]
[WhiteElo "2219"]
[BlackElo "2327"]
[Annotator "Schwarzatal : Zwettl"]
[PlyCount "30"]
[EventDate "2009.09.21"]
[SourceDate "2009.10.06"]

1. e4 c5 2. Nf3 d6 3. d4 cxd4 4. Qxd4 a6 5. c4 Nc6 6. Qd2 g6 7. b3 Bg7 8. Bb2
Bxb2 9. Qxb2 Nf6 10. Nc3 Bg4 11. O-O-O O-O 12. Be2 Qa5 13. Kb1 b5 14. h3 Bxf3
15. gxf3 bxc4 1/2-1/2

[Event "N� LL 2009/10"]
[Site "?"]
[Date "2009.10.04"]
[Round "2"]
[White "Vykydal, Frantisek"]
[Black "Weinwurm, Wolfgang"]
[Result "0-1"]
[WhiteElo "2213"]
[BlackElo "2125"]
[Annotator "Schwarzatal : Zwettl"]
[PlyCount "122"]
[EventDate "2009.09.21"]
[SourceDate "2009.10.07"]

1. e4 e5 2. Nf3 Nc6 3. Bb5 a6 4. Ba4 Nf6 5. Bxc6 dxc6 6. d3 Bc5 7. O-O Qe7 8.
Nbd2 Bg4 9. Nc4 Nd7 10. h3 Bh5 11. Be3 f6 12. Bxc5 Nxc5 13. Qe2 O-O-O 14. Qe3
Bxf3 15. Qxf3 Kb8 16. Rad1 Ne6 17. Rd2 Rd7 18. g3 Qf7 19. a3 h5 20. Ne3 Nd4 21.
Qd1 g5 22. c3 Nb3 23. Re2 Rhd8 24. Qc2 Nc5 25. d4 exd4 26. cxd4 Ne6 27. Nf5
Nxd4 28. Nxd4 Rxd4 29. e5 fxe5 30. Rxe5 Rd2 31. Qe4 Rxb2 32. Rxg5 Rd5 33. h4
Rbb5 34. f4 Rb3 35. Qg6 Qxg6 36. Rxg6 Rf5 37. Re1 c5 38. Re8+ Ka7 39. Re7 c4
40. Rxc7 c3 41. Rg5 Kb6 42. Rxc3 Rxc3 43. Rxf5 Rxg3+ 44. Kh2 Rxa3 45. Rxh5 Kc6
46. Rf5 b5 47. h5 b4 48. Rg5 Rd3 49. h6 Rd8 50. Kg2 Rh8 51. Rh5 Kb6 52. f5 a5
53. f6 a4 54. f7 a3 55. Rg5 a2 56. Rg8 a1=Q 57. f8=Q Qa2+ 58. Kf1 Qc4+ 59. Kf2
Rxg8 60. Qd6+ Kb5 61. h7 Qf7+ 0-1

[Event "N� LL 2009/10"]
[Site "?"]
[Date "2009.10.04"]
[Round "2"]
[White "Matevosyan, Andy"]
[Black "Mlynek, Petr"]
[Result "1/2-1/2"]
[WhiteElo "2182"]
[BlackElo "2189"]
[Annotator "Schwarzatal : Zwettl"]
[PlyCount "101"]
[EventDate "2009.09.21"]
[SourceDate "2009.10.08"]

1. e4 c6 2. d4 d5 3. Nc3 dxe4 4. Nxe4 Nd7 5. Nf3 Ngf6 6. Ng3 e6 7. Bd3 c5 8.
O-O cxd4 9. Nxd4 Bc5 10. Nb3 Be7 11. Qe2 O-O 12. c4 b6 13. Bf4 Bb7 14. Rfd1 Re8
15. Rac1 Qc8 16. Bd2 Qc7 17. Bc3 Rad8 18. Nd4 Ne5 19. Bb1 Ng6 20. f3 Nf4 21.
Qf1 a5 22. a3 Ba6 23. Nb5 Bc5+ 24. Kh1 Bxb5 25. cxb5 Qe7 26. Ne4 Nxe4 27. Bxe4
Rxd1 28. Rxd1 Rd8 29. b4 axb4 30. axb4 Bd6 31. g3 Ng6 32. f4 Bc7 33. Rxd8+ Qxd8
34. Qa1 f6 35. Qa8 Qxa8 36. Bxa8 Ne7 37. Kg2 Nd5 38. Bd2 Bd6 39. f5 Kf7 40.
Bxd5 exd5 41. Be3 Bc7 42. g4 Ke7 43. Bd4 Kd7 44. h4 Bd8 45. Kf3 Ke7 46. g5 Kd7
47. h5 fxg5 48. Bxg7 Ke8 49. Ke3 Kf7 50. Be5 h6 51. Bd4 1/2-1/2

[Event "N� LL 2009/10"]
[Site "?"]
[Date "2009.10.04"]
[Round "2"]
[White "Mahdy, Khaled"]
[Black "Hellmayr, Alois"]
[Result "1/2-1/2"]
[WhiteElo "2376"]
[BlackElo "2283"]
[Annotator "B�hlerwerk : Krems"]
[PlyCount "57"]
[EventDate "2009.09.21"]
[SourceDate "2009.10.08"]

1. e4 c5 2. Nf3 e6 3. d4 cxd4 4. Nxd4 a6 5. Bd3 Nf6 6. Qe2 d6 7. O-O g6 8. c4
Bg7 9. Be3 O-O 10. Nc3 Qc7 11. Rac1 Nbd7 12. f4 Re8 13. Kh1 b6 14. b4 Bb7 15.
Nb3 Bf8 16. a4 Rab8 17. Bd2 Nh5 18. a5 f5 19. b5 bxa5 20. bxa6 Bxa6 21. Nb5 Qc8
22. Bxa5 Nc5 23. Nxc5 Qxc5 24. Bd2 Bb7 25. Be3 Qc6 26. Nd4 Qc7 27. Nb5 Qc6 28.
Nd4 Qc7 29. Nb5 1/2-1/2

[Event "N� LL 2009/10"]
[Site "?"]
[Date "2009.10.04"]
[Round "2"]
[White "Heimberger, Reinhard"]
[Black "Winiwarter, Felix"]
[Result "1-0"]
[WhiteElo "2223"]
[BlackElo "2195"]
[Annotator "B�hlerwerk : Krems"]
[PlyCount "79"]
[EventDate "2009.09.21"]
[SourceDate "2009.10.08"]

1. g3 g6 2. Bg2 Bg7 3. e4 d6 4. Nf3 Nc6 5. d4 Bg4 6. c3 e5 7. d5 Nce7 8. Nbd2
h6 9. h3 Bd7 10. O-O f5 11. Ne1 Nf6 12. Qb3 O-O 13. exf5 gxf5 14. Qxb7 Kh8 15.
c4 Rg8 16. Nef3 f4 17. Nh4 Nh5 18. Ne4 Nf5 19. Nxf5 Bxf5 20. Kh2 Bf8 21. Rg1
Be7 22. Qb3 Qe8 23. g4 Bxe4 24. Bxe4 Nf6 25. Bf5 Rg5 26. Bd2 Rb8 27. Qc2 Qg8
28. Rae1 Qg7 29. b3 Rg8 30. f3 h5 31. Be6 hxg4 32. fxg4 Qh6 33. Bxg8 Nxg8 34.
Qc3 Rg7 35. Re2 Bf6 36. Qf3 Ne7 37. Qe4 Ng6 38. Be1 Bh4 39. Qf5 Bxe1 40. Rgxe1
{Zeit} 1-0

[Event "N� LL 2009/10"]
[Site "?"]
[Date "2009.10.04"]
[Round "2"]
[White "Neumann, Christian"]
[Black "J�nger, Heinz"]
[Result "0-1"]
[WhiteElo "1971"]
[BlackElo "2094"]
[Annotator "B�hlerwerk : Krems"]
[PlyCount "101"]
[EventDate "2009.09.21"]
[SourceDate "2009.10.08"]

1. e4 c5 2. Nc3 e6 3. g3 d5 4. d3 Nf6 5. Bg2 Nc6 6. f4 Be7 7. Bd2 O-O 8. Nf3
Rb8 9. a4 a6 10. O-O b5 11. axb5 axb5 12. Ne5 Qd6 13. Nxc6 Qxc6 14. Qf3 d4 15.
Ne2 Bb7 16. g4 Ra8 17. g5 Nd7 18. Qh5 Rxa1 19. Rxa1 Ra8 20. Rf1 Ra2 21. f5 exf5
22. Nf4 g6 23. Qh6 Bf8 24. Qh4 fxe4 25. Bxe4 Qa6 26. Nd5 Ra1 27. Be1 Qa8 28.
Rxf7 Rxe1+ 29. Kf2 Kxf7 30. Qxh7+ Bg7 31. Qxg6+ Kf8 32. Nc7 Rxe4 33. Nxa8 Rf4+
34. Kg3 Rg4+ 35. Kh3 Bg2+ 36. Kxg4 Ne5+ 37. Kg3 Nxg6 38. Kxg2 Be5 39. Nb6 Ke7
40. Kf3 Bxh2 41. Ke4 Ke6 42. b4 Bd6 43. bxc5 Bxc5 44. Nd5 Kd6 45. c3 Ne7 46.
cxd4 Nxd5 47. dxc5+ Kxc5 48. Ke5 b4 49. d4+ Kc4 50. g6 b3 51. Ke6 0-1